000 00449cam a22001337a 4500
008 180718b1978 xxu||||| |||| 00| 0 eng d
082 _aV43x54 In2
100 _aBarnabas, A.P.
245 _aWater supply and sanitation components of primary health care: a study in India
_cby A.P. Barnabas
260 _aNew Delhi
_bIndian Institute of Public Administration
_c1978
300 _a72p.
650 _aSanitation - India
650 _aWater Supply - India
999 _c475954
_d475954